| 000 | 00668 a2200205 4500 | ||
|---|---|---|---|
| 999 |
_c9472 _d9472 |
||
| 020 | _a9780409037913 | ||
| 050 | _aKTL1710 STU 1995 | ||
| 100 |
_aFaris, J. A. _eeditor |
||
| 245 |
_aThe student handbook for civil procedure / _cCompiled and edited by J. A. Faris, R. A. Kelbrick & Hurter, E. |
||
| 264 |
_aDurban : _bButrterworths, _c1995. |
||
| 300 | _a251p. : | ||
| 440 | _aKey to knowledge series | ||
| 500 | _aIncludes court proceedings & appeals | ||
| 650 | _aCivil procedure -- South Africa. | ||
| 650 | _aCivil procedure. | ||
| 651 | _aSouth Africa | ||
| 700 |
_aKelbrick, R. A. _eeditor |
||
| 700 |
_aHurter, E. _eeditor |
||
| 942 |
_2lcc _cBK _h1710 _iSTU _kKTL |
||